000 00738nam a2200193Ia 4500
008 151121s9999||||xx |||||||||||||| ||und||
082 _a954।5/अंधारे
082 _bHNW-112245
100 _aअंधारे भा। रा।
245 _aदुसरे रघुजी भोसले ( 1788 - 1816 )
260 _b"विश्वभारती प्रकाशन, पुणे।"
260 _c2012
300 _a206
600 _aअंधारे भा। रा।
630 _aदुसरे रघुजी भोसले ( 1788 - 1816 )
700 _aअंधारे भा। रा।
730 _aदुसरे रघुजी भोसले ( 1788 - 1816 )
942 _cBOOK
999 _c1261589
_d1261586